Szczegóły MARC21

Die Geburt der Tragödie ; Der griechische Staat /

003 -Nazwa inst., której nr kontr. jest w polu 001 [,]
    • @
    • Nazwa instytucji, której n kontrolny jest w polu 001
    • NUKAT
005 -DATA I CZAS OSTATNIEJ MODYFIKACJI [,]
    • @
    • pole kontrolne
    • 20241231100620.0
020 -Międzynarod. znormalizowany nr książki - ISBN [ , ]
    • a
    • Numer ISBN
    • 3520070081 Find
040 -Instytucja sporządzająca opis [ , ]
    • a
    • Instytucja, która sporządziła opis (NP)
    • KAT U/46MM
    • c
    • Instytucja, która sporządziła rekord (NP)
    • KAT U/46MMs
    • d
    • Instytucja, która zmodyfikowała rekord (P)
    • KAT U/46MM
942 -Rodzaj dokumentu [ , ]
    • c
    • Rodzaj dokumentu
    • Książka
100 -Hasło główne - nazwa osobowa [1, ]
    • a
    • Nazwa osobowa (NP)
    • Nietzsche, Friedrich
    • d
    • Daty biograficzne (NP)
    • (1844-1900).
    • 9
    • KHW
    • 10001
240 -Tytuł ujednolicony [1,0]
    • a
    • Tytuł ujednolicony
    • Geburt der Tragödie aus dem Geiste der Musik
    • l
    • Język tekstu
    • (niem.)
    • 9
    • KHW
    • 529525
245 -Strefa tytułu i oznaczenia odpowiedzialności [1,4]
    • a
    • Tytuł
    • Die Geburt der Tragödie ; Find
    • b
    • Ciąg dalszy tytułu (NP)
    • Der griechische Staat / Find
    • c
    • Pozostałe elementy strefy tytułu i oznaczenia odpowiedzialności (NP)
    • Friedrich Nietzsche ; mit einem Nachw. von Alfred Baeumler.
250 -Strefa wydania [ , ]
    • a
    • Oznaczenie wydania (NP)
    • 8. Aufl.
260 -Strefa adresu wydawniczego [ , ]
    • a
    • Miejsce wydania (P)
    • Stuttgart :
    • b
    • Nazwa wydawcy (P)
    • Alfred Kröner Verlag,
    • c
    • Data wydania (P)
    • 1976.
300 -Strefa opisu fizycznego [ , ]
    • a
    • Określenie formy książki i/lub objętość (NP)
    • 382 s. ;
    • c
    • Format (NP)
    • 18 cm.
336 -Typ zawartości [ , ]
    • a
    • Termin opisujący typ zawartości
    • Tekst
    • b
    • Kod określający zawartość
    • txt
    • 2
    • Źródło (terminu i kodu)
    • rdacontent
337 -Typ mediów [ , ]
    • a
    • Tryb odtwarzania
    • Bez urządzenia pośredniczącego
    • b
    • Kod typu mediów
    • n
    • 2
    • Źródło (terminu i kodu)
    • rdamedia
338 -Typ/rodzaj nośnika [ , ]
    • a
    • Hasło opisujące typ nośnika
    • Wolumin
    • b
    • Kod typu nośnika
    • nc
    • 2
    • Źródło (terminu i kodu)
    • rdacarrier
490 -Strefa serii i książki wielotomowej - forma nie do wyszukiwania [1, ]
    • a
    • Tytuł (P)
    • Kröners Taschenausgabe ; Find
    • v
    • Numeracja (P)
    • Bd. 70
830 -Hasło dodatkowe serii i opisu książki wielotomowej - tytuł ujednolicony/tytuł [ ,0]
    • a
    • Tytuł ujednolicony/tytuł (NP)
    • Kröners Taschenausgabe
    • v
    • Oznaczenie tomu (NP)
    • Bd. 70
    • 9
    • KHW
    • 19142
080 -Uniwersalna Klasyfikacja Dziesiętna [ , ]
    • a
    • Symbol klasyfikacji
    • 82.01=30
080 -Uniwersalna Klasyfikacja Dziesiętna [ , ]
    • a
    • Symbol klasyfikacji
    • :141=30
080 -Uniwersalna Klasyfikacja Dziesiętna [ , ]
    • a
    • Symbol klasyfikacji
    • +141(091)(430)"18"=30
650 -Hasło przedmiotowe [ ,7]
    • a
    • Hasło przedmiotowe
    • Dionizjonizm.
    • 2
    • Źródło terminu
    • kaba
    • 9
    • KHW
    • 146566
650 -Hasło przedmiotowe [ ,7]
    • a
    • Hasło przedmiotowe
    • Muzyka
    • x
    • Określnik rzeczowy
    • filozofia i estetyka.
    • 2
    • Źródło terminu
    • kaba
    • 9
    • KHW
    • 120136
650 -Hasło przedmiotowe [ ,7]
    • a
    • Hasło przedmiotowe
    • Filozofia.
    • 2
    • Źródło terminu
    • kaba
    • 9
    • KHW
    • 108727
655 -Hasło w funkcji tematu formalnego [ ,7]
    • a
    • Hasło
    • Tragedia.
    • 2
    • Źródło terminu
    • kaba
    • 9
    • KHW
    • 190301
980 -Symbol UKD [ , ]
    • a
    • UKD
    • 82.01:141+141(091)(430)"18"]=30
700 -Hasło dodatkowe - nazwa osobowa [1, ]
    • a
    • Nazwa osobowa (NP)
    • Baeumler, Alfred Find
    • d
    • Daty biograficzne (NP)
    • (1887-1968).
    • e
    • Określenie rodzaju współpracy
    • Posł.
    • 9
    • KHW
    • 490565
700 -Hasło dodatkowe - nazwa osobowa [1,2]
    • a
    • Nazwa osobowa (NP)
    • Nietzsche, Friedrich Find
    • d
    • Daty biograficzne (NP)
    • (1844-1900).
    • t
    • Tytuł ujednolicony/tytuł (NP)
    • Griechische Staat Find
    • l
    • Język tekstu (NP)
    • (niem.)
    • 9
    • KHW
    • 529524
710 -Hasło dodatkowe - nazwa ciała zbiorowego [2, ]
    • a
    • Nazwa ciała zbiorowego lub nazwa geograficzna jako pierwszy element (NP)
    • Alfred Kröner Verlag.
    • 4
    • Kod relacji
    • pbl
    • 9
    • KHW
    • 99692
920 -ISBN [ , ]
    • a
    • ISBN
    • 3-520-07008-1 Find
Numer inwentarzowy Status udost. Data inwentaryzacji Lokalizacja Sygnatura
G.7092-32000-06-28BMGerm. Filozofia 04